000 00670nam a2200205Ii 4500
003 JO-AjNU
008 230605s9999||||xx |||||||||||||| ||und||
017 _a1983/11/551
040 _aJO-AjNU
_bara
_erda
_cJO-AjNU
041 _aara
050 1 4 _aQA8.4.F396 1985
100 3 _aالفيومي ، محمد م. مشارك قاسم الزعبي ، عدنان الحسون ,
_eauthor
_939841
245 0 0 _aاصول الرياضيات، ج1
264 3 1 _aعمان:دار الفكر ،1985
300 _aج1، 232ص
336 _atext
_btxt
_2rdacontent
337 _aunmediated
_bn
_2rdamedia
338 _avolume
_bnc
_2rdacarrier
650 4 _aالرياضيات
_939842
999 _aA16860
_c20428
_d20428